01196nam a2200217 a 4500008004100000020001800041050001600059100002200075245012100097260005200218300002200270650002600292650001900318650003400337650002400371995014800395995014800543999001700691952013500708952013500843130829s2010 ||||||||||||||||| || u a9780470393338 aHG 4026 McC aMcCrary, Stuart A10aMastering corporate finance essentials: the critical quantitative methods and tools in financecby Stuart A. McCrary aHoboken, New Jersey:bJohn Wiley and Sonsc2010 axiii, 174p.: ill. aCORPORATIONS--FINANCE aCAPITAL BUDGET aBUSINESS ENTERPRISES--FINANCE aCAPITAL INVESTMENTS aMAIN LIBRARY OPEN ACCESSe744227FCBU-MAIN LIBRARY (Kitwe)jHG 4026 McCM1UAVAILABLEWSep 9, 2013y744227ZMain Library Open Access Collection aMAIN LIBRARY OPEN ACCESSe744228FCBU-MAIN LIBRARY (Kitwe)jHG 4026 McCM2UAVAILABLEWSep 9, 2013y744228ZMain Library Open Access Collection c82700d82700 00102lcc4070a001b001cMain Library Open Access Collectiond2023-09-29l0oHG 4026 McCp744227r2023-09-29t1w2023-09-29y002 00102lcc4070a001b001cMain Library Open Access Collectiond2023-09-29l0oHG 4026 McCp744228r2023-09-29t2w2023-09-29y002